| 000 | 00621nam a22002177a 4500 | ||
|---|---|---|---|
| 005 | 20170124110119.0 | ||
| 010 | _aB-077928 | ||
| 020 |
_c00.00 _a81876449690 |
||
| 035 | _aB-077928 | ||
| 037 | _bCen Lib/Ret | ||
| 040 |
_aDPL _bEN |
||
| 082 |
_aS _bKAT |
||
| 245 |
_aKatha prize stories / _cedited by Geeta Dharmarajan |
||
| 260 |
_aNew Delhi _bKatha _c2002 |
||
| 270 |
_bNew Delhi _aA-3, Sarvodya Enclave, Sri Aurobindo Marg _e110017 |
||
| 300 |
_a314p. _c19cm(Hb) |
||
| 650 |
_aLiterature _96262 |
||
| 650 |
_aShort stories, Indic _926886 |
||
| 700 |
_aDharmarajan, Geeta _930354 |
||
| 942 |
_2ddc _cEN _hS _mKAT |
||
| 999 |
_c130890 _d130890 |
||